Технико-экономическое исследование трансформаторов и автотрансформаторов: Отчет о НИР № 2; Тема: № 120/64

Detalhes bibliográficos
Autor Corporativo: Томский политехнический институт (ТПИ)
Outros Autores: Кутявин И. Д. Иван Дмитриевич (руководитель), Краснов В. П. (исполнитель)
Idioma:russo
Publicado em: Томск, 1967
Assuntos:
Formato: Livro
KOHA link:https://koha.lib.tpu.ru/cgi-bin/koha/opac-detail.pl?biblionumber=185144

MARC

LEADER 00000nbm0a2200000 4500
001 185144
005 20231031172702.0
035 |a (RuTPU)RU\TPU\book\200815 
090 |a 185144 
100 |a 20101004d1967 k y0rusy50 ca 
101 0 |a rus 
102 |a RU 
105 |a a p 001zy 
200 1 |a Технико-экономическое исследование трансформаторов и автотрансформаторов  |e Отчет о НИР № 2  |e Тема: № 120/64  |f Томский политехнический институт (ТПИ) ; руководитель И. Д. Кутявин ; В. П. Краснов 
210 |a Томск  |d 1967 
215 |a 23 л. 
320 |a Библиогр.: с. 23. 
610 1 |a отчеты о НИР 
610 1 |a трансформаторы 
610 1 |a автотрансформаторы 
610 1 |a технико-экономические показатели 
610 1 |a компенсирующие дроссели 
675 |a 621.314.2.0014  |v 3 
675 |a 621.318.4  |v 3 
702 1 |a Кутявин  |b И. Д.  |c российский ученый, электроэнергетик  |c профессор Томского политехнического института  |f 1906-  |g Иван Дмитриевич  |2 stltpush  |3 (RuTPU)RU\TPU\pers\14031  |4 673 
702 1 |a Краснов  |b В. П.  |4 677 
712 0 2 |a Томский политехнический институт (ТПИ)  |c (1944-1991)  |2 stltpush  |3 (RuTPU)RU\TPU\col\1123 
801 1 |a RU  |b 63413507  |c 20101004 
942 |c BK